| 000 | 00438nam a22001217a 4500 | ||
|---|---|---|---|
| 082 | _a200 THE | ||
| 100 |
_aFaisal Shahzad, _915533 |
||
| 245 | _aTH-SOF-1198-AutoDrop: Automatic DDoS Detection and its Mitigation with combination of sFlow and OpenFlow | ||
| 260 |
_aIslamabad _bNUST College of EME _c2016 |
||
| 650 | _aMS-CSE-11 MSTHESIS | ||
| 700 |
_aSupervison Dr. Shoab A. Khan Co-Supervisor Dr. Muazzam A. Khan _970504 |
||
| 942 | _cCF | ||
| 999 |
_c577479 _d577479 |
||